000 00911cam a22002893a 4500
001 13658
003 PGUSA
005 20140828083307.0
008 041006s2004||||xxu|||||s|||||000 1 eng d
040 _aPGUSA
_beng
042 _adc
050 4 _aPT
050 4 _aDD
100 1 _aSamarow, Gregor,
_d1829-1903
245 1 0 _aDer Todesgruß der Legionen, 2. Band
_h[electronic resource] /
_cGregor Samarow
260 _bProject Gutenberg,
_c2004
506 _aPublic domain in the USA.
516 _aElectronic text
653 _aHistorical fiction
653 _aHannover (Germany : Province) -- History -- Fiction
653 _aGeorg V, King of Hannover, 1819-1878 -- Fiction
653 _aPrussia (Germany) -- History -- 1815-1870 -- Fiction
740 0 _aTodesgruss der Legionen, 2. Band
830 0 _aProject Gutenberg
_v13658
856 4 0 _uhttp://www.gutenberg.org/ebooks/13658
942 _cEB
999 _c242913
_d242913